The Oxford companion to classical literature
Αποθηκεύτηκε σε:
| Άλλοι συγγραφείς: | |
|---|---|
| Μορφή: | Βιβλίο |
| Γλώσσα: | English |
| Δημοσίευση: |
Oxford :
Oxford University Press,
1997
|
| Έκδοση: | 2nd ed. |
| Θέματα: | |
| Ετικέτες: |
Προσθήκη ετικέτας
Δεν υπάρχουν, Καταχωρήστε ετικέτα πρώτοι!
|
MARC
| LEADER | 00000cam a2200000 i 4500 | ||
|---|---|---|---|
| 001 | 1/83028 | ||
| 008 | 990528s1997 eng d | ||
| 020 | |a 0-19-866121-5 | ||
| 035 | |l 10051243 | ||
| 040 | |a GR-MY-UA |b gre |e aacr | ||
| 041 | 0 | |a eng | |
| 082 | 0 | |a 880.900103 | |
| 245 | 1 | 4 | |a The Oxford companion to classical literature / |c edited by M. C. Howatson |
| 250 | |a 2nd ed. | ||
| 260 | |a Oxford : |b Oxford University Press, |c 1997 | ||
| 300 | |a vii, 615 σ.; |b εικ.; |c 25 εκ. | ||
| 650 | 0 | 0 | |a Classical literature |x Dictionaries. |
| 650 | 0 | 0 | |a Classical dictionaries. |
| 700 | 1 | |a Howatson, M. C. |4 edt | |
| 767 | 0 | 8 | |i Μεταφρασμένο ως: |t Εγχειρίδιο κλασικών σπουδών = |
| 852 | |a INST |b LESVOS |e 19990528 |h 880.900103 OXF |p 005100020041 |q 005100020041 |t REF |y 23 | ||
| 901 | |a BIBL1-1999-2 | ||
| 909 | |a Λ |b 062584 | ||
| 922 | |a 1ΕΛΗ |b 199812 |c ΚΠΣ/ΚΥΒ |d LEADER | ||
| 950 | |a 023-1998-09-14 | ||
| 970 | |a ΤΖΑΦΕΡΗ |b ΕΥΑΓΓΕΛΙΑ |z 1999/07/01 | ||